Countries with the Longest Bridges - Statistics

General Stats
  • This quiz has been taken 132 times
  • The average score is 14 of 20
Answer Stats
Length Traffic Country Name % Correct
38,4 km Highway United States Lake Pontchartain Causeway
98%
164,8 km High-Speed Rail China Danyang-Kunshan Grand Bridge
96%
13,1 km Highway & Rail Japan Great Seto Bridge
91%
13,7 km Highway Canada Thousands Islands Bridge
88%
18,1 km Road Russia Crimean Bridge
87%
18 km Rail (Prototype) France Aerotrain Test Track
83%
29,8 km Metro India Dwarka Sector 8 Metro
82%
13,3 km Road Brazil Rio-Niteroi Bridge
80%
21,4 km Road South Korea Incheon Bridge
76%
12,7 km Road Indonesia Bali Mandara Toll Road
75%
25 km Road Saudi Arabia King Fahd Causeway
66%
54 km Expressway Thailand Bang Na Expressway
63%
24 km Highway Malaysia Sultan Abdul Halim Muadzam Shah Bridge
58%
16 km Road Vietnam Saigon-Trung Luong Skyway
58%
20,5 km Road Egypt 6th October Bridge
56%
157,3 km High-Speed Rail Taiwan Changhua-Kaohsiung Viaduct
54%
25,7 km Metro Singapore East West MRT Line
40%
25 km Road Bahrain King Fahd Causeway
38%
12,3 km Highway Portugal Vasco da Gama Bridge
31%
33 km Metro Peru Lima Metro Line
29%
No matching quizzes found
Score Distribution
Percent of People with Each Score
Percentile by Number Answered
Your Score History
You have not taken this quiz